Closure Welds Identification by Means of Ultrasonic Testing; Advanced Materials Research; Vol. 1040 : High Technology: Research and Applications 2014 (HTRA 2014)

Bibliografiske detaljer
Parent link:Advanced Materials Research: Scientific Journal
Vol. 1040 : High Technology: Research and Applications 2014 (HTRA 2014).— 2014.— [P. 933-936]
Hovedforfatter: Kroening H. M. V. A. Hans Michael Wilhelm Adolf
Institution som forfatter: Национальный исследовательский Томский политехнический университет (ТПУ) Институт неразрушающего контроля (ИНК) Международная научно-образовательная лаборатория неразрушающего контроля (МНОЛ НК)
Andre forfattere: Salchak Ya. A. Yana Alekseevna, Sednev D. A. Dmitry Andreevich
Summary:Title screen
In present paper, possibilities for identification and verification of closure welds were discussed. It might be applied for nonproliferation purposes, where validity and reliability of verification are often crucial issue. Methodology of ultrasonic testing and signal processing procedure were proposed. Through set of experiments, the validity of proposed solution was approved.
Режим доступа: по договору с организацией-держателем ресурса
Sprog:engelsk
Udgivet: 2014
Serier:Sensors, Measurements and Non-Destructive Control
Fag:
Online adgang:http://dx.doi.org/10.4028/www.scientific.net/AMR.1040.933
Format: MixedMaterials Electronisk Book Chapter
KOHA link:https://koha.lib.tpu.ru/cgi-bin/koha/opac-detail.pl?biblionumber=641131

MARC

LEADER 00000nla2a2200000 4500
001 641131
005 20231101134141.0
035 |a (RuTPU)RU\TPU\network\6015 
035 |a RU\TPU\network\6013 
090 |a 641131 
100 |a 20150510a2014 k y0engy50 ba 
101 0 |a eng 
102 |a US 
105 |a y z 100zy 
135 |a drcn ---uucaa 
181 0 |a i  
182 0 |a b 
200 1 |a Closure Welds Identification by Means of Ultrasonic Testing  |f H. M. V. A. Kroening, Ya. A. Salchak, D. A. Sednev 
203 |a Text  |c electronic 
225 1 |a Sensors, Measurements and Non-Destructive Control 
300 |a Title screen 
330 |a In present paper, possibilities for identification and verification of closure welds were discussed. It might be applied for nonproliferation purposes, where validity and reliability of verification are often crucial issue. Methodology of ultrasonic testing and signal processing procedure were proposed. Through set of experiments, the validity of proposed solution was approved. 
333 |a Режим доступа: по договору с организацией-держателем ресурса 
461 0 |0 (RuTPU)RU\TPU\network\4598  |t Advanced Materials Research  |o Scientific Journal 
463 0 |0 (RuTPU)RU\TPU\network\4652  |t Vol. 1040 : High Technology: Research and Applications 2014 (HTRA 2014)  |o The International Conference, March 26-28, 2014, Tomsk, Russia  |o [proceedings]  |v [P. 933-936]  |d 2014 
610 1 |a электронный ресурс 
610 1 |a труды учёных ТПУ 
610 1 |a акустические шумы 
610 1 |a сварка 
610 1 |a неразрушающий контроль 
610 1 |a обработка 
610 1 |a сигналы 
700 1 |a Kroening  |b H. M. V. A.  |c specialist in the field of non-destructive testing  |c leading researcher of Tomsk Polytechnic University  |g Hans Michael Wilhelm Adolf  |2 stltpush  |3 (RuTPU)RU\TPU\pers\36306 
701 1 |a Salchak  |b Ya. A.  |c specialist in the field of non-destructive testing  |c tech-designer of Tomsk Polytechnic University  |f 1992-  |g Yana Alekseevna  |2 stltpush  |3 (RuTPU)RU\TPU\pers\34520 
701 1 |a Sednev  |b D. A.  |c specialist in the field of non-destructive testing  |c assistant of Tomsk Polytechnic University, junior researcher  |f 1989-  |g Dmitry Andreevich  |2 stltpush  |3 (RuTPU)RU\TPU\pers\34514 
712 0 2 |a Национальный исследовательский Томский политехнический университет (ТПУ)  |b Институт неразрушающего контроля (ИНК)  |b Международная научно-образовательная лаборатория неразрушающего контроля (МНОЛ НК)  |h 6776  |2 stltpush  |3 (RuTPU)RU\TPU\col\19961 
801 2 |a RU  |b 63413507  |c 20210708  |g RCR 
856 4 |u http://dx.doi.org/10.4028/www.scientific.net/AMR.1040.933 
942 |c CF